| 000 | 01281nam0a22003611 4500 | ||
|---|---|---|---|
| 001 | v19\rc\1734852 | ||
| 005 | 20250619054554.0 | ||
| 035 | _a(NLR Aleph) 004844804 | ||
| 090 |
_a4860135 _c4860135 |
||
| 100 | _a20061002d1906 |||y0rusy50 ca | ||
| 101 | 1 |
_arus _ceng |
|
| 102 | _aRU | ||
| 105 | _aa z |||a| | ||
| 200 | 1 |
_aЧерный красавец _eИстория лошади, рассказанная ею самою _f[Соч.] Анны Сюэль _gС англ. пер. Е.Б. |
|
| 205 | _a[2-е изд.] | ||
| 210 |
_aМосква _cтипо-лит. т-ва И.Н. Кушнерев и К° _d1906 |
||
| 215 |
_a209 с. _cил. _d19 |
||
| 225 | 1 |
_aБиблиотека для детей и для юношества _fПод ред. И. Горбунова-Посадова |
|
| 700 | 1 |
_9z01790 _aСьюэл _bА. _f1820-1878 _gАнна |
|
| 702 | 0 |
_aЕ.Б. _4730 |
|
| 790 | 1 |
_9z01700 _aСюэль _bА. _f1820-1878 _gАнна |
|
| 801 | 0 |
_aRU _bNLR _gpsbo |
|
| 801 | 0 |
_aRU _bRuMoRGB _2psbo |
|
| 801 | 1 |
_aRU _bProSoft-M _2rusmarc |
|
| 852 |
_aNLR _j38.7.10.16 |
||
| 852 |
_aNLR _j129/2600 |
||
| 899 |
_aRuMoRGB _jM 78/513 |
||
| 899 |
_aRuMoRGB _jU 259/458 |
||
| 899 |
_aRuMoRGB _jРб 11/348 |
||
| 899 |
_aRuMoRGB _jРб 11/6349 |
||
| 899 | _aБАН | ||
| 942 | _cBOOK | ||
| 980 | _aNB | ||